| 000 | 004630000a22001810004500 | ||
|---|---|---|---|
| 003 | MACL | ||
| 005 | 20151023113836.0 | ||
| 008 | 151023b xxu||||| |||| 00| 0 eng d | ||
| 040 |
_aMACL _cMACL |
||
| 041 | _aEnglish | ||
| 082 | _a954 | ||
| 100 |
_aMahadevan, Kuttan _94097 |
||
| 245 | _aSociety And Development In China And India | ||
| 260 |
_bB R Publishing Corporation _c1994 _aDelhi |
||
| 350 | _a450 | ||
| 650 |
_aIndian History _9227 |
||
| 942 |
_cBK _k954 _2ddc |
||
| 999 |
_c3219 _d3219 |
||